|
|
|
|
| LEADER |
00000nam a2200000 a 4500 |
| 001 |
vtls001286776 |
| 003 |
SK-MaSNL |
| 005 |
20260301064846.0 |
| 008 |
251113s1996 DE 0 ger |
| 020 |
|
|
|c [637,00]
|
| 035 |
|
|
|a SNK000238331
|
| 040 |
|
|
|a SNK
|b slo
|c SNK
|e AACR2
|
| 044 |
|
|
|a DE
|
| 080 |
|
|
|a 027.021(430)"1990/..."(082)
|2 1981
|
| 245 |
1 |
|
|a Wissenschaftliche Bibliotheken nach der Wiedervereinigung Deutschlands - Entwicklung und Perspektive
|b Kolloquium aus Anlass des 300jährigen Bestehens der Universitäts- und Landesbibliothek Sachsen-Anhalt am 6. März 1996 in Halle (Saale)
|c herausgegeben von Joachim Dietze und Brigitte Scheschonk
|
| 260 |
|
|
|a Halle (Saale) [etc.]
|b Martin-Luther-Univers[etc.]
|c 1996
|
| 300 |
|
|
|a 261 s.
|c 24 cm
|
| 490 |
1 |
|
|a Arbeiten aus der Universitäts- und Landesbibliothek Sachsen-Anhalt in Halle a.d. Saale
|x 0438-4415
|v Bd. 42
|
| 650 |
0 |
7 |
|a knižnice vedecké
|z Nemecko
|x rozvoj
|y od r. 1990
|x zborníky
|2 SNK
|9 382755
|
| 700 |
1 |
|
|a Dietze, Joachim
|4 upr
|9 382756
|
| 830 |
|
0 |
|a Arbeiten aus der Universitäts- und Landesbibliothek Sachsen-Anhalt in Halle a.d. Saale
|9 382757
|
| 999 |
|
|
|c 628488
|d 630418
|
| 952 |
|
|
|a SNK
|b SNK
|y VYP
|7 0
|p 17A0069730
|o snkIC 126606
|i snkV 1326/97
|0 0
|1 0
|4 0
|d 1997-06-06
|l 0
|r 2005-01-02 00:00:00
|w 2026-02-23
|